Quick Pick: Landforms Quiz Stats

 Plays Quiz Updated Jul 17, 2017

Support Sporcle.
Go Orange.
Score 0/13 Timer 01:30
0 Plays Today
% Correct
Lake
93.6%
Island
90.6%
Channel
90.5%
Mountains
83.6%
Bay
82.8%
Valley
77.5%
Trench
77.3%
Peninsula
77.2%
Glacier
71.6%
Gulf
70.4%
Archipelago
58.3%
Canyon
58.3%
Plateau
57.4%

Today's Daily Dose

You're not logged in!

Compare scores with friends on all Sporcle quizzes.
OR
Log In
Forgot?

From the Vault

Logos With Initials

by BanjoZebra

These logos like to keep things short and sweet.
Remove Ads.
Support Sporcle.
Get the best of Sporcle when you Go Orange. This ad-free experience offers more features, more stats, and more fun while also helping to support Sporcle. Thank you for becoming a member.

Show Comments

Extras

Top Quizzes Today


Score Distribution

Your Account Isn't Verified!

In order to create a playlist on Sporcle, you need to verify the email address you used during registration. Go to your Sporcle Settings to finish the process.

Report this User

Report this user for behavior that violates our Community Guidelines.

Details: